000 00687nam a22001817a 4500
999 _c16343
_d16343
003 AR-CdUCM
008 190503b ||||| |||| 00| 0 esp d
040 _aMUNICIPALIDAD PROVINCIAL DEL CUSCO
_cBIBLIOTECA MUNICIPAL DEL CUSCO
082 _a868.3 /
_bC314
100 _aCarrere, Emilio
_935733
245 _aLa Madre casualidad /
_cEmilio Carrere
260 _aMadrid :
_bLibrería de Pueyo,
300 _a227 páginas ;
_c20 cm.
505 _aSu majestad el duro -- Las alegres paseatas -- Hacia el azul -- El éxito -- El palacio nocturno -- La piedra filosofal -- Los nietos de Monipodio -- Hora roja ...
650 _aNovela
_95
942 _2ddc
_cLIBROS
945 _aacrt
_d2019-05-03